000 00734nam a2200265Ia 4500
005 20260121172903.0
008 008 260114s9999 xx 000 0 eng d
020 _a9783030921828
037 _aEBOOK
040 _aCRL
040 _beng
040 _cCRL
041 _2eng
041 _aeng
084 _qCRL
100 _aFrancesca de Rosa, Iza Marfisi Schottman, Jannicke Baalsrud Hauge, Francesco Bellotti, Pierpaolo Dondio, Margarida Romero
_91093985
245 0 _aGames and Learning Alliance
260 _bSpringer
260 _bSpringer
260 _c2021
856 _uhttps://link.springer.com/openurl?genre=book&isbn=978-3-030-92182-8
942 _cEBOOK
999 _c1659727
_d1659727